| 000 | 00648nam a2200169Ia 4500 | ||
|---|---|---|---|
| 008 | 250806s9999||||xx |||||||||||||| ||und|| | ||
| 020 | _a9781416037378;1416037373 | ||
| 060 |
_aQY 25 _b.F86 2007 |
||
| 245 | 0 |
_aFundamentals of molecular diagnostics / _c[edited by] David E. Burns, Edward R. Ashwood, and Carl A. Burtis ; consulting editor, Barbara G. Sawyer. |
|
| 260 |
_aSt. Louis, Mo. : _bSaunders Elsevier, _cc2007. |
||
| 300 |
_axvii, 267 p. : _bill. |
||
| 504 | _aIncludes bibliographical references and index. | ||
| 650 | _aMolecular Diagnostic Techniques | ||
| 700 | _aAshwood, Edward R., | ||
| 700 | _aBruns, David E., | ||
| 942 |
_bDIMC _cBK |
||
| 999 |
_c27749 _d27749 |
||